RICS construction market survey (Record no. 112990)
[ view plain ]
| 000 -LEADER | |
|---|---|
| fixed length control field | 01302cad a22002175a 4500 |
| 001 - CONTROL NUMBER | |
| control field | L154446 |
| 008 - FIXED-LENGTH DATA ELEMENTS--GENERAL INFORMATION | |
| fixed length control field | 111205s2011 xxk 000 0 eng d |
| 035 ## - SYSTEM CONTROL NUMBER | |
| System control number | (Sirsi) u154446 |
| 041 0# - LANGUAGE CODE | |
| Language code of text/sound track or separate title | eng |
| 050 ## - LIBRARY OF CONGRESS CALL NUMBER | |
| Classification number | 338.47624 $2 18 |
| 110 2# - MAIN ENTRY--CORPORATE NAME | |
| Corporate name or jurisdiction name as entry element | Royal Institution of Chartered Surveyors |
| Subordinate unit | Economics |
| 9 (RLIN) | 5033 |
| 245 00 - TITLE STATEMENT | |
| Title | RICS construction market survey |
| Remainder of title | United Kingdom, third quarter 2011 |
| Medium | [electronic resource] |
| 260 ## - PUBLICATION, DISTRIBUTION, ETC. | |
| Place of publication, distribution, etc. | London |
| Name of publisher, distributor, etc. | RICS |
| Date of publication, distribution, etc. | 2011 |
| 490 ## - SERIES STATEMENT | |
| Series statement | RICS Construction Market Survey United Kingdom |
| Volume/sequential designation | Third Quarter 2011 |
| 520 ## - SUMMARY, ETC. | |
| Summary, etc. | The Q3 2011 RICS Construction Market Survey highlights three key points. Firstly, total workloads remained broadly flat in the third quarter (the net balance edged down from +1 to -1). Secondly, the regional divergence that emerged at the end of 2010 continued with London being the only region recording rising workloads. Lastly, the outlook for the coming 12 months has deteriorated, with expectations for workloads and employment turning negative and expectations for profit margins turning more negative. |
| 590 ## - LOCAL NOTE (RLIN) | |
| Local note | KA |
| 651 #4 - SUBJECT ADDED ENTRY--GEOGRAPHIC NAME | |
| Geographic name | United Kingdom |
| Chronological subdivision | |
| 690 ## - LOCAL SUBJECT ADDED ENTRY--TOPICAL TERM (OCLC, RLIN) | |
| Topical term or geographic name as entry element | BUILT ENVIRONMENT-CONSTRUCTION MARKET |
| 856 40 - ELECTRONIC LOCATION AND ACCESS | |
| Uniform Resource Identifier | <a href="https://www.rics.org/site/download_feed.aspx?fileID=10900&fileExtension=PDF">https://www.rics.org/site/download_feed.aspx?fileID=10900&fileExtension=PDF</a> |
| Public note | View the report free of charge at www.rics.org |
| 942 ## - ADDED ENTRY ELEMENTS (KOHA) | |
| Suppress in OPAC | 0 |
| Withdrawn status | Lost status | Source of classification or shelving scheme | Damaged status | Not for loan | Home library | Current library | Shelving location | Date acquired | Total Checkouts | Full call number | Barcode | Date last seen | Copy number | Price effective from | Koha item type |
|---|---|---|---|---|---|---|---|---|---|---|---|---|---|---|---|
| Dewey Decimal Classification | Virtual | Virtual | Books | 05/12/2011 | ONLINE PUBLICATION | 154446-2001 | 06/08/2019 | 1 | 06/08/2019 | Book |